| 000 | 004670000a22001810004500 | ||
|---|---|---|---|
| 003 | LK-CoMWRAF | ||
| 008 | 230817t ||||| |||| 00| 0 eng d | ||
| 020 | _a1857328566 | ||
| 040 |
_aLK-CoMWRAF _dLK-CoMWRAF _eLK-CoMWRAF |
||
| 041 | _aeng | ||
| 082 |
_a800 _bSEW |
||
| 100 | _aBeazley, Mitchell | ||
| 100 | _aSeward, Linda | ||
| 245 |
_aThe Complete Book of Quilting and Applique _b |
||
| 260 |
_bOctopus Publishing _aLondon _c1996 |
||
| 300 | _ap.184 | ||
| 942 | _cBK | ||
| 999 |
_c1263 _d1263 |
||